[Event "FRA-ch Youth 2017"]
[Site "Belfort"]
[Date "2017.04.21"]
[Round "7"]
[White "Boyer, Mahel"]
[Black "Decuigniere, Tom"]
[Result "1-0"]
[WhiteElo "2020"]
[BlackElo "1909"]
[Annotator "NA"]
[PlyCount "107"]
[EventDate "2017.??.??"]
[EventCountry "FRA"]
[SourceTitle "playchess.com"]
[Source "ChessBase"]
[SourceQuality "1"]
[TimeControl "5400+30"]

1. d4 {[%emt 0:00:00]} Nf6 {[%emt 0:00:16]} 2. c4 {[%emt 0:00:00]} e6 {[%emt 0:00:03]} 3. Nc3 {[%emt 0:00:00] Bb} Bb4 {[%emt 0:00:16]} 4. e3 {[%emt 0:00:00]} c5 {[%emt 0:04:56]} 5. Nge2 {[%emt 0:00:11]} b6 {[%emt 0:00:38]} 6. a3 {[%emt 0:00:09]} Ba5 {[%emt 0:06:18] LiveBook: 896 Games} 7. Rb1 {[%emt 0:00:07]} Na6 {[%emt 0:00:05]} 8. g3 {[%emt 0:00:32]} Bb7 {[%emt 0:00:46] E42: Nimzo-Indian: Rubinstein: 4...c5 5 Ne2} 9. d5 {[%emt 0:00:04]} Ne4 {[%emt 0:15:36]} (9... b5 10. Bg2 bxc4 11. O-O O-O 12. e4 d6 13. Qa4 exd5 14. Nxd5 Nxd5 15. exd5 Bb6 16. Nc3 {1-0 (67) Aleksandrov,A (2568)-Nabaty,T (2644) Yerevan 2016}) 10. Bg2 {[%emt 0:00:58]} Nxc3 {[%emt 0:04:08]} 11. Nxc3 {[%emt 0:00:49]} Bxc3+ {[%emt 0:00:10]} 12. bxc3 {[%emt 0:00:07]} O-O {[%emt 0:02:29]} 13. O-O {[%emt 0:00:09]} Qf6 $146 {[%emt 0:11:58]} (13... e5 14. e4 d6 15. f4 Nc7 16. a4 {1-0 (35) Dolezal,C (2439)-Valerga,D (2481) Buenos Aires 2015}) 14. Qa4 {[%emt 0:12:53]} Nb8 {[%emt 0:06:53]} 15. e4 {[%emt 0:06:32]} d6 {[%emt 0:03:00]} 16. f4 $11 {[%emt 0:08:43]} Qe7 {[%emt 0:05:50]} 17. e5 {[%emt 0:01:36]} f6 {[%emt 0:12:05]} 18. f5 {[%emt 0:11:28]} exd5 {[%emt 0:05:58]} 19. exd6 {[%emt 0:03:17]} Qxd6 {[%emt 0:02:42]} 20. Bf4 {[%emt 0:05:51]} Qd7 {[%emt 0:00:11]} 21. Qd1 {[%emt 0:08:13]} Rd8 {[%emt 0:01:11]} 22. Qg4 {[%emt 0:03:13]} Na6 {[%emt 0:01:43]} 23. cxd5 {[%emt 0:03:45]} Bxd5 {[%emt 0:00:13]} 24. Rbd1 {[%emt 0:00:46]} Qf7 {[%emt 0:00:44]} 25. Rxd5 {[%emt 0:01:00]} Rxd5 {[%emt 0:00:10]} 26. Qe2 {[%emt 0:00:06]} Re8 {[%emt 0:11:00]} 27. Qxa6 {[%emt 0:00:04]} Rdd8 {[%emt 0:00:03]} 28. c4 {[%emt 0:00:37]} Kh8 {[%emt 0:00:14]} 29. Bd5 {[%emt 0:00:13]} Qd7 {[%emt 0:02:55]} 30. Qb7 {[%emt 0:05:23]} Qxb7 {[%emt 0:00:19]} 31. Bxb7 {[%emt 0:00:01]} Rd4 {[%emt 0:00:13]} 32. Rc1 {[%emt 0:01:11]} g5 {[%emt 0:01:23]} 33. fxg6 {[%emt 0:00:12]} hxg6 {[%emt 0:00:04]} 34. h4 {[%emt 0:01:10]} Rd3 {[%emt 0:00:33]} 35. Kf2 {[%emt 0:00:28]} Rxa3 {[%emt 0:01:51]} 36. Rd1 {[%emt 0:00:16]} Ra2+ {[%emt 0:00:01]} 37. Kf3 {[%emt 0:00:19]} f5 {[%emt 0:00:21]} 38. Bg5 {[%emt 0:05:16]} Ra3+ {[%emt 0:01:15]} 39. Kf4 {[%emt 0:00:01]} Ra2 {[%emt 0:00:28]} 40. Bf6+ {[%emt 0:00:27]} Kg8 {[%emt 0:00:06]} 41. Rd7 {[%emt 0:00:22]} Rae2 {[%emt 0:01:20]} 42. Bd5+ {[%emt 0:00:42]} R2e6 {[%emt 0:00:09]} 43. Rd8 {[%emt 0:01:40]} Kh7 {[%emt 0:00:41]} 44. Bxe6 {[%emt 0:00:13]} Rxd8 {[%emt 0:00:29]} 45. Bxd8 {[%emt 0:00:03]} Kh6 {[%emt 0:00:05]} 46. Ke5 {[%emt 0:01:27]} Kh5 {[%emt 0:00:28]} 47. Kd5 {[%emt 0:00:04]} Kg4 48. Bc7 a6 {[%emt 0:00:29]} 49. Kc6 {[%emt 0:00:09]} b5 {[%emt 0:00:09]} 50. Kxc5 {[%emt 0:00:06]} bxc4 51. Kxc4 {[%emt 0:00:19]} a5 {[%emt 0:00:11]} 52. Bf7 {[%emt 0:00:20]} g5 {[%emt 0:00:04]} 53. hxg5 {[%emt 0:00:09]} Kxg5 {[%emt 0:00:03]} 54. Bf4+ {[%emt 0:00:06]} 1-0

[Event "FRA-ch Youth 2017"]
[Site "Belfort"]
[Date "2017.04.21"]
[Round "7"]
[White "Retailleau, Elise"]
[Black "Bruneau, Maylis"]
[Result "1-0"]
[WhiteElo "1946"]
[BlackElo "1794"]
[Annotator "NA"]
[PlyCount "33"]
[EventDate "2017.??.??"]
[EventCountry "FRA"]
[SourceTitle "playchess.com"]
[Source "ChessBase"]
[SourceQuality "1"]
[TimeControl "5400+30"]

1. e4 {[%emt 0:00:00]} c5 {[%emt 0:00:09]} 2. Nc3 {[%emt 0:00:05]} Nc6 {[%emt 0:00:28]} 3. Bb5 {[%emt 0:00:24]} g6 {[%emt 0:01:29]} 4. Bxc6 {[%emt 0:00:31]} dxc6 {[%emt 0:01:06]} 5. d3 {[%emt 0:01:08]} Bg7 {[%emt 0:00:45]} 6. Be3 {[%emt 0:01:01]} b6 {[%emt 0:03:16]} 7. Qd2 {[%emt 0:02:20]} Nf6 {[%emt 0:02:29]} 8. h3 {[%emt 0:01:42]} O-O {[%emt 0:02:29] LiveBook: 3 Games} 9. f4 {[%emt 0:01:26]} Qc7 {[%emt 0:06:56]} 10. Nf3 {[%emt 0:03:14]} Ba6 {[%emt 0:04:36]} 11. O-O {[%emt 0:06:13]} Rad8 {[%emt 0:01:51]} 12. f5 {[%emt 0:06:45]} e5 $16 {[%emt 0:09:01]} (12... gxf5 $11 {keeps the balance.} 13. Bf4 (13. exf5 c4 $11) 13... Qd7 14. exf5 c4) 13. Qf2 {[%emt 0:14:10]} Qe7 {[%emt 0:08:51]} 14. b3 {[%emt 0:05:41]} Bc8 {[%emt 0:08:49]} 15. Qh4 {[%emt 0:08:48]} gxf5 {[%emt 0:06:57]} 16. Bh6 {[%emt 0:02:35]} Rd6 {[%emt 0:08:32]} 17. Qg5 {[%emt 0:01:06]} 1-0

[Event "FRA-ch Youth 2017"]
[Site "Belfort"]
[Date "2017.04.21"]
[Round "7"]
[White "Meillon, Judicael"]
[Black "Candelot, Clement"]
[Result "1/2-1/2"]
[WhiteElo "1884"]
[BlackElo "1839"]
[Annotator "NA"]
[PlyCount "59"]
[EventDate "2017.??.??"]
[EventCountry "FRA"]
[SourceTitle "playchess.com"]
[Source "ChessBase"]
[SourceQuality "1"]
[TimeControl "5400+30"]

1. e4 {[%emt 0:00:00]} e5 {[%emt 0:00:11]} 2. f4 {[%emt 0:00:00]} Bc5 {[%emt 0:00:43]} 3. Nf3 {[%emt 0:00:00]} d6 {[%emt 0:00:07]} 4. Nc3 {[%emt 0:03:55]} Bg4 {[%emt 0:04:46]} 5. h3 {[%emt 0:07:34]} Bxf3 {[%emt 0:00:34]} 6. Qxf3 {[%emt 0:00:05]} a6 {[%emt 0:02:01]} 7. d3 {[%emt 0:09:27]} Nc6 {[%emt 0:07:46]} 8. Be3 {[%emt 0:04:36]} Bxe3 {[%emt 0:07:22]} 9. Qxe3 {[%emt 0:00:15]} Nge7 {[%emt 0:02:50]} 10. O-O-O {[%emt 0:04:52]} Nd4 {[%emt 0:03:15]} (10... d5 $11 11. Qg3 d4) 11. Ne2 {[%emt 0:02:51]} c5 {[%emt 0:01:41]} 12. Nxd4 {[%emt 0:00:58]} cxd4 {[%emt 0:00:22]} 13. Qg3 {[%emt 0:00:44]} Qa5 $11 {[%emt 0:05:59]} 14. Kb1 {[%emt 0:01:34]} Rg8 {[%emt 0:00:39]} 15. Be2 {[%emt 0:04:41]} Qb5 {[%emt 0:06:29]} 16. Rhf1 {[%emt 0:07:21]} a5 {[%emt 0:04:05]} 17. fxe5 {[%emt 0:09:03]} dxe5 {[%emt 0:00:29]} 18. Qe1 {[%emt 0:06:00]} Ra6 {[%emt 0:02:52]} 19. c4 {[%emt 0:00:25]} Qc5 {[%emt 0:00:45]} 20. Rc1 {[%emt 0:02:29]} Rb6 {[%emt 0:01:17]} 21. Bd1 {[%emt 0:01:37]} Ng6 {[%emt 0:04:17]} 22. g3 {[%emt 0:01:10]} Ke7 {[%emt 0:01:48]} 23. Ba4 {[%emt 0:01:56]} Rc8 {[%emt 0:04:57]} 24. Bb5 {[%emt 0:00:47]} Qb4 {[%emt 0:02:25]} 25. Qxb4+ {[%emt 0:01:05]} axb4 {[%emt 0:00:05]} 26. Ba4 {[%emt 0:00:16]} Nf8 {[%emt 0:01:11]} 27. c5 {[%emt 0:01:13]} Rf6 {[%emt 0:04:32]} 28. Rxf6 {[%emt 0:01:24]} gxf6 {[%emt 0:00:13]} 29. c6 {[%emt 0:02:18]} bxc6 {[%emt 0:00:24]} 30. Rxc6 {[%emt 0:00:08]} 1/2-1/2

[Event "FRA-ch Youth 2017"]
[Site "Belfort"]
[Date "2017.04.21"]
[Round "7"]
[White "Vernet, Solene"]
[Black "Haussernot, Cecile"]
[Result "0-1"]
[WhiteElo "1863"]
[BlackElo "2107"]
[Annotator "NA"]
[PlyCount "74"]
[EventDate "2017.??.??"]
[EventCountry "FRA"]
[SourceTitle "playchess.com"]
[Source "ChessBase"]
[SourceQuality "1"]
[TimeControl "5400+30"]

1. d4 {[%emt 0:00:00]} Nf6 {[%emt 0:00:05]} 2. Nf3 {[%emt 0:00:00]} e6 {[%emt 0:00:04]} 3. g3 {[%emt 0:00:00]} c5 {[%emt 0:02:07]} 4. Bg2 {[%emt 0:00:00]} Nc6 {[%emt 0:00:23]} 5. O-O {[%emt 0:00:21]} cxd4 {[%emt 0:03:14]} 6. Nxd4 {[%emt 0:00:38]} Bc5 {[%emt 0:02:29]} 7. Nb3 {[%emt 0:04:12] LiveBook: 73 Games} Bb6 {[%emt 0:00:35]} 8. c4 {[%emt 0:02:32]} a5 {[%emt 0:01:51]} 9. a4 {[%emt 0:04:18]} d5 {[%emt 0:19:16]} 10. Na3 {[%emt 0:02:49]} O-O {[%emt 0:03:44]} 11. Bg5 {[%emt 0:22:02]} Nb4 {[%emt 0:06:38]} (11... h6 $11 12. Bf4 e5 13. cxd5 Nxd5) 12. cxd5 {[%emt 0:02:19]} exd5 {[%emt 0:00:17]} 13. Nc2 {[%emt 0:01:56]} Nxc2 {[%emt 0:01:45]} 14. Qxc2 {[%emt 0:00:07]} h6 {[%emt 0:04:19]} 15. Bf4 $15 {[%emt 0:08:16]} Be6 {[%emt 0:01:29]} 16. Rfd1 {[%emt 0:02:18]} Rc8 {[%emt 0:05:34]} 17. Qd3 {[%emt 0:06:31]} Qd7 {[%emt 0:01:08]} 18. Nd4 {[%emt 0:03:28]} Bh3 {[%emt 0:01:32]} 19. Nb5 {[%emt 0:04:02]} Bf5 {[%emt 0:05:27]} 20. Qb3 {[%emt 0:01:55]} Bc2 {[%emt 0:00:39]} 21. Qf3 {[%emt 0:02:18]} Bxd1 {[%emt 0:00:37]} 22. Rxd1 {[%emt 0:00:03]} Qe6 {[%emt 0:00:43]} 23. Qd3 {[%emt 0:08:55]} Rfd8 {[%emt 0:00:48]} 24. Rc1 {[%emt 0:02:14]} Ne4 {[%emt 0:01:56]} 25. Nd4 {[%emt 0:05:33]} Qf6 {[%emt 0:02:13]} 26. Rxc8 {[%emt 0:01:45]} Rxc8 {[%emt 0:00:10]} 27. Be3 {[%emt 0:00:33]} Bxd4 {[%emt 0:00:51]} 28. Bxd4 {[%emt 0:00:21]} Rc1+ {[%emt 0:00:33]} 29. Bf1 {[%emt 0:00:04]} Qe6 {[%emt 0:00:23]} 30. Be3 {[%emt 0:04:32]} Ra1 {[%emt 0:04:22]} 31. Kg2 {[%emt 0:00:09]} Rxa4 {[%emt 0:00:55]} 32. Qb5 {[%emt 0:00:35]} Rb4 {[%emt 0:00:42]} 33. Qxa5 {[%emt 0:00:05]} Rxb2 {[%emt 0:00:08]} 34. Bd4 {[%emt 0:00:11]} Rb1 {[%emt 0:00:46]} 35. e3 {[%emt 0:00:25]} Qf5 {[%emt 0:01:30]} 36. f3 {[%emt 0:01:56]} Ng5 {[%emt 0:01:24]} 37. Be2 {[%emt 0:00:55]} Qh3+ {[%emt 0:00:10]} 0-1

[Event "FRA-ch Youth 2017"]
[Site "Belfort"]
[Date "2017.04.21"]
[Round "7"]
[White "Razafindratsima, Timothe"]
[Black "Papadiamandis, Elliot"]
[Result "0-1"]
[WhiteElo "1830"]
[BlackElo "1944"]
[Annotator "NA"]
[PlyCount "136"]
[EventDate "2017.??.??"]
[EventCountry "FRA"]
[SourceTitle "playchess.com"]
[Source "ChessBase"]
[SourceQuality "1"]
[TimeControl "5400+30"]

1. e4 {[%emt 0:00:00]} c5 {[%emt 0:00:56]} 2. Nf3 {[%emt 0:00:00]} d6 {[%emt 0:00:08]} 3. Bb5+ {[%emt 0:00:00]} Bd7 {[%emt 0:00:08]} 4. Bxd7+ {[%emt 0:00:09]} Qxd7 {[%emt 0:00:05]} 5. c4 {[%emt 0:00:31]} Nc6 {[%emt 0:00:31]} 6. d4 {[%emt 0:00:35]} cxd4 {[%emt 0:00:07]} 7. Nxd4 {[%emt 0:00:10]} Nf6 {[%emt 0:00:18]} 8. Nc3 {[%emt 0:00:18]} g6 {[%emt 0:00:26]} 9. b3 {[%emt 0:00:22]} Bg7 {[%emt 0:00:45]} 10. Bb2 {[%emt 0:00:11] LiveBook: 40 Games} O-O {[%emt 0:01:14]} 11. O-O {[%emt 0:00:08]} e6 {[%emt 0:09:39] B52: Sicilian: Moscow Variation with 3...Bd7} (11... Rac8 12. Re1 Rfd8 13. Nd5 Ne8 14. Qd2 e6 15. Ne3 Nf6 16. Qc2 d5 17. e5 Nh5 18. Rad1 Qe7 19. g3 Rb8 20. Bc3 Qa3 21. Rd3 a5 22. Red1 Qc5 23. Qd2 Rdc8 {½-½ (23) Yu,Y (2725)-Lu,S (2607) Shenzhen 2016}) 12. Qd2 {[%emt 0:01:18]} a6 $146 {[%emt 0:10:59]} (12... Rfd8 13. Rfd1 a6 14. f3 Nxd4 15. Qxd4 b5 16. cxb5 axb5 17. Qf2 b4 18. Na4 Qb5 19. Rd2 {½-½ (55) Congiu,M (2300)-Panelo Munoz,M (2418) Montcada 2015}) 13. Rad1 {[%emt 0:01:10]} Rfd8 {[%emt 0:02:01]} 14. Kh1 {[%emt 0:02:17]} Nxd4 {[%emt 0:03:25]} 15. Qxd4 {[%emt 0:00:49]} Nd5 {[%emt 0:00:40]} 16. Qd2 {[%emt 0:03:59]} Nxc3 {[%emt 0:00:31]} 17. Bxc3 {[%emt 0:00:06]} Bxc3 {[%emt 0:00:21]} 18. Qxc3 {[%emt 0:00:05]} Qc6 {[%emt 0:00:15]} 19. Qe3 {[%emt 0:01:39]} d5 {[%emt 0:11:15]} 20. Qg5 {[%emt 0:05:14]} d4 {[%emt 0:02:10]} 21. Qe5 {[%emt 0:04:16]} Qd6 {[%emt 0:01:18]} 22. Qxd6 {[%emt 0:00:19]} Rxd6 {[%emt 0:00:01]} 23. e5 {[%emt 0:00:24]} Rd7 {[%emt 0:00:11]} 24. Rd3 $11 {[%emt 0:00:33]} b5 {[%emt 0:11:58]} 25. c5 {[%emt 0:12:27]} Rd5 {[%emt 0:03:19]} 26. b4 {[%emt 0:01:11]} a5 {[%emt 0:04:39]} 27. a3 {[%emt 0:01:23]} axb4 {[%emt 0:00:19]} 28. axb4 {[%emt 0:00:12]} Ra4 {[%emt 0:01:48]} 29. Rb1 {[%emt 0:01:19]} Rxe5 {[%emt 0:01:57]} 30. Rxd4 {[%emt 0:00:12]} Re2 {[%emt 0:03:20]} 31. h3 {[%emt 0:12:17]} Rxf2 {[%emt 0:04:40]} 32. Rd8+ {[%emt 0:01:53]} Kg7 {[%emt 0:00:05]} 33. Rb8 {[%emt 0:00:27]} Raa2 {[%emt 0:05:27]} 34. Rg1 {[%emt 0:01:10]} e5 {[%emt 0:10:30]} 35. Kh2 {[%emt 0:03:47]} e4 {[%emt 0:01:43]} 36. Kg3 {[%emt 0:01:34]} e3 {[%emt 0:04:02]} 37. Re1 {[%emt 0:11:04]} Rxg2+ {[%emt 0:01:05]} 38. Kf3 {[%emt 0:00:42]} Rh2 {[%emt 0:00:31]} 39. Kxe3 {[%emt 0:00:55]} Rxh3+ {[%emt 0:00:40]} 40. Kd4 {[%emt 0:09:53]} Rd2+ {[%emt 0:01:25]} 41. Ke5 {[%emt 0:03:15]} Rh5+ {[%emt 0:03:31]} 42. Ke4 {[%emt 0:00:39]} Rh4+ {[%emt 0:00:24]} 43. Ke3 {[%emt 0:00:28]} Rdd4 {[%emt 0:00:34]} 44. Rf1 {[%emt 0:10:35]} Rxb4 {[%emt 0:01:12]} 45. Rb7 {[%emt 0:01:01]} Rbe4+ {[%emt 0:00:44]} 46. Kd3 {[%emt 0:00:39]} Ref4 {[%emt 0:00:52]} 47. Rxf4 Rxf4 48. Rxb5 {[%emt 0:01:18]} Rf1 {[%emt 0:01:07]} 49. Kd4 {[%emt 0:00:43]} Rc1 {[%emt 0:00:35]} 50. Ke5 {[%emt 0:00:22]} h5 {[%emt 0:00:16]} 51. Kd6 {[%emt 0:00:25]} h4 {[%emt 0:00:30]} 52. c6 {[%emt 0:01:17]} h3 {[%emt 0:00:23]} 53. Rb2 {[%emt 0:00:05]} g5 {[%emt 0:00:32]} 54. c7 {[%emt 0:00:58]} g4 {[%emt 0:00:24]} 55. Rb4 {[%emt 0:00:42]} f5 {[%emt 0:00:28]} 56. Rb7 {[%emt 0:00:52]} Kg6 {[%emt 0:00:15]} 57. Rb8 {[%emt 0:00:57]} h2 {[%emt 0:00:27]} 58. Rh8 {[%emt 0:00:58]} g3 {[%emt 0:00:03]} 59. Rg8+ {[%emt 0:01:15]} Kh7 {[%emt 0:00:17]} 60. Rxg3 {[%emt 0:00:48]} h1=Q {[%emt 0:00:09]} 61. Kd7 {[%emt 0:00:21]} Qc6+ {[%emt 0:00:03]} 62. Ke7 {[%emt 0:00:19]} Qxc7+ {[%emt 0:00:04]} 63. Kf6 {[%emt 0:00:10]} Qxg3 {[%emt 0:00:05]} 64. Ke6 {[%emt 0:00:12]} Rd1 {[%emt 0:00:04]} 65. Kf6 {[%emt 0:00:13]} Re1 {[%emt 0:00:08]} 66. Kxf5 {[%emt 0:00:20]} Qf3+ {[%emt 0:00:06]} 67. Kg5 {[%emt 0:00:11]} Rg1+ {[%emt 0:00:03]} 68. Kh4 {[%emt 0:00:14]} Qg4# {[%emt 0:00:02]} 0-1

[Event "FRA-ch Youth 2017"]
[Site "Belfort"]
[Date "2017.04.21"]
[Round "7"]
[White "De Talance, Berenice"]
[Black "Djidjeli, Sarah"]
[Result "0-1"]
[WhiteElo "1757"]
[BlackElo "1934"]
[Annotator "NA"]
[PlyCount "64"]
[EventDate "2017.??.??"]
[EventCountry "FRA"]
[SourceTitle "playchess.com"]
[Source "ChessBase"]
[SourceQuality "1"]
[TimeControl "5400+30"]

1. c4 {[%emt 0:00:00]} e6 {[%emt 0:00:06]} 2. d4 {[%emt 0:00:00]} d5 {[%emt 0:00:07]} 3. cxd5 {[%emt 0:00:19]} exd5 {[%emt 0:00:06]} 4. Nc3 {[%emt 0:00:40]} c6 {[%emt 0:00:26]} 5. Qc2 {[%emt 0:00:44]} Nf6 {[%emt 0:00:21]} 6. Bg5 {[%emt 0:00:16]} Be7 {[%emt 0:00:34]} 7. Nf3 {[%emt 0:01:17]} h6 {[%emt 0:01:02]} 8. Bh4 {[%emt 0:00:47] LiveBook: 17 Games} Nbd7 {[%emt 0:04:20]} 9. e3 {[%emt 0:00:25]} O-O {[%emt 0:02:53]} 10. Bd3 {[%emt 0:00:24]} c5 {[%emt 0:01:35]} 11. h3 {[%emt 0:05:55] D36: Queen's Gambit Declined: Exchange Variation: Main line (5 Bg5 c6 6 Qc2)} (11. O-O cxd4 12. Nxd4 Ne5 13. Bf5 g6 14. Bxc8 Rxc8 15. Qb3 Ne4 16. Bg3 Nd2 17. Qxb7 Nxf1 18. Bxe5 Nd2 19. Nc6 Rxc6 20. Qxc6 Nc4 21. Bd4 {1-0 (21) Flumbort,A (2471)-Jakab,A (2442) Budapest 2003}) 11... a6 {[%emt 0:04:26]} 12. Ne5 $146 {[%emt 0:26:38]} (12. dxc5 Nxc5 13. Be2 Nce4 14. Nxe4 dxe4 15. Nd2 g5 16. Bg3 Bb4 17. a3 Bxd2+ 18. Qxd2 Qxd2+ 19. Kxd2 {1-0 (40) Primel,D (1989)-Le Scraigne,E (1791) Angers 2008}) 12... cxd4 {[%emt 0:08:49]} 13. exd4 {[%emt 0:00:39]} Nxe5 $1 {[%emt 0:01:42]} 14. dxe5 {[%emt 0:00:08]} Nd7 {[%emt 0:00:25]} 15. Bg3 {[%emt 0:03:10]} d4 {[%emt 0:01:11]} 16. Ne4 {[%emt 0:07:03]} Qa5+ {[%emt 0:03:19]} 17. Nd2 {[%emt 0:00:37]} Bb4 {[%emt 0:05:12]} 18. a3 {[%emt 0:01:59]} Nxe5 {[%emt 0:05:21]} 19. O-O-O $2 {[%emt 0:05:37]} (19. O-O $15 Nxd3 20. axb4) 19... Nxd3+ $19 {[%emt 0:04:03]} 20. Qxd3 {[%emt 0:00:15]} Bf5 {[%emt 0:01:35]} 21. Ne4 {[%emt 0:12:47]} Qd5 {[%emt 0:06:27]} 22. f3 {[%emt 0:05:33]} Rfc8+ {[%emt 0:02:02]} 23. Kb1 {[%emt 0:00:12]} Be6 {[%emt 0:01:34]} 24. b3 {[%emt 0:05:02]} Bxa3 {[%emt 0:01:07]} 25. Ka2 {[%emt 0:01:59]} Qa5 {[%emt 0:01:54]} 26. Ra1 {[%emt 0:02:09]} Bb4+ {[%emt 0:06:19]} 27. Kb1 {[%emt 0:01:22]} Qb6 {[%emt 0:00:37]} 28. Be1 {[%emt 0:14:53]} Bxe1 {[%emt 0:01:24]} 29. Rxe1 {[%emt 0:00:05]} Bxb3 {[%emt 0:00:32]} 30. Qd2 {[%emt 0:02:04]} Bc2+ {[%emt 0:01:36]} 31. Kc1 {[%emt 0:00:44]} Bxe4+ {[%emt 0:01:01]} 32. Kd1 {[%emt 0:00:17]} Qb3+ {[%emt 0:00:10]} 0-1

[Event "FRA-ch Youth 2017"]
[Site "Belfort"]
[Date "2017.04.21"]
[Round "7"]
[White "Emmenecker, Pierre-Antoine"]
[Black "Roux, Baptiste"]
[Result "1/2-1/2"]
[WhiteElo "1737"]
[BlackElo "1934"]
[Annotator "NA"]
[PlyCount "139"]
[EventDate "2017.??.??"]
[EventCountry "FRA"]
[SourceTitle "playchess.com"]
[Source "ChessBase"]
[SourceQuality "1"]
[TimeControl "5400+30"]

1. e4 {[%emt 0:00:00]} c5 {[%emt 0:00:07]} 2. c3 {[%emt 0:00:00]} Nf6 {[%emt 0:00:17]} 3. e5 {[%emt 0:00:00]} Nd5 {[%emt 0:00:11]} 4. d4 {[%emt 0:00:00]} cxd4 {[%emt 0:00:07]} 5. Qxd4 {[%emt 0:00:00]} e6 {[%emt 0:00:41]} 6. Nf3 {[%emt 0:00:15]} Nc6 {[%emt 0:00:56]} 7. Qe4 {[%emt 0:00:12]} d6 {[%emt 0:01:45]} 8. Bb5 {[%emt 0:00:17]} Bd7 {[%emt 0:02:21]} 9. c4 {[%emt 0:00:19]} Nb6 {[%emt 0:01:30] B22: Sicilian: 2 c3} (9... Nc7 10. exd6 Bxd6 11. O-O Nxb5 12. cxb5 Ne7 13. Nc3 Qb8 14. Rd1 Bc7 15. Qd4 Qc8 16. Qxg7 Rg8 17. Qxh7 e5 18. Ne4 Rg6 19. Nh4 Bf5 20. Nxg6 Nxg6 21. Qg8+ Nf8 22. Bh6 Ke7 23. Qg5+ {1-0 (23) Mamedyarov,S (2719)-Polgar,J (2680) Moscow 2009}) 10. Nc3 {[%emt 0:01:02]} a6 {[%emt 0:00:44]} 11. Bg5 {[%emt 0:00:17]} Qc7 {[%emt 0:02:22]} 12. exd6 {[%emt 0:01:17]} Bxd6 {[%emt 0:00:42]} 13. O-O-O {[%emt 0:01:35]} h6 $146 {[%emt 0:00:40]} (13... O-O 14. Be3 f5 15. Qd3 Bf4 16. c5 Nb4 17. cxb6 Nxd3+ 18. Rxd3 Bxe3+ 19. fxe3 Bxb5 20. bxc7 Bxd3 {1-0 (38) Zifroni,D (2500)-Wojtkiewicz,A (2575) Kazan 1997}) 14. Be3 {[%emt 0:02:07]} Bb4 {[%emt 0:02:19]} 15. Bxc6 {[%emt 0:06:25]} Bxc6 {[%emt 0:01:18]} 16. Qd4 {[%emt 0:00:16]} Bxc3 {[%emt 0:00:48]} 17. Qxc3 {[%emt 0:00:46]} O-O {[%emt 0:02:07]} 18. Qe5 {[%emt 0:17:32]} Qxe5 {[%emt 0:04:38]} 19. Nxe5 {[%emt 0:00:08]} Na4 {[%emt 0:04:10]} (19... Nxc4 {might work better.} 20. Nxc4 Rfc8) 20. Nxc6 {[%emt 0:01:28]} bxc6 {[%emt 0:00:02]} 21. Rd6 {[%emt 0:10:28]} Rfc8 {[%emt 0:03:28]} 22. Kc2 {[%emt 0:00:39]} Rab8 {[%emt 0:01:30]} 23. b3 {[%emt 0:00:20]} Nb6 {[%emt 0:00:40]} 24. Bc5 {[%emt 0:02:19]} Rb7 {[%emt 0:05:59]} (24... Nd5 {keeps fighting.} 25. cxd5 cxd5) 25. Rhd1 {[%emt 0:00:54]} Rcc7 {[%emt 0:05:09]} 26. Bxb6 {[%emt 0:07:34]} Rxb6 {[%emt 0:00:02]} 27. Rd8+ {[%emt 0:00:13]} Kh7 {[%emt 0:00:13]} 28. R8d7 {[%emt 0:00:06]} Rbb7 {[%emt 0:00:17]} 29. Rxc7 {[%emt 0:00:11]} Rxc7 {[%emt 0:00:05]} 30. Rd8 {[%emt 0:00:13]} g5 {[%emt 0:01:07]} 31. Ra8 {[%emt 0:00:07]} f5 $18 {[%emt 0:00:22]} 32. Re8 {[%emt 0:08:13]} h5 {[%emt 0:04:53]} 33. Rxe6 {[%emt 0:00:12]} f4 {[%emt 0:01:00]} 34. Kd3 {[%emt 0:03:46]} Kg7 {[%emt 0:08:59]} 35. Rd6 {[%emt 0:04:05]} a5 {[%emt 0:03:38]} 36. Kd4 {[%emt 0:01:05]} Re7 {[%emt 0:01:16]} 37. Kd3 {[%emt 0:01:27]} Rc7 {[%emt 0:00:12]} 38. Rd8 {[%emt 0:03:28]} a4 {[%emt 0:05:20]} 39. b4 {[%emt 0:03:13]} a3 {[%emt 0:02:53]} 40. Rd6 {[%emt 0:01:44]} Rb7 {[%emt 0:01:18]} 41. Kc3 {[%emt 0:00:20]} Re7 {[%emt 0:00:17]} 42. Kd2 {[%emt 0:05:45]} Rb7 {[%emt 0:00:26]} 43. Kc3 {[%emt 0:00:21]} Re7 {[%emt 0:00:06]} 44. b5 {[%emt 0:01:00]} cxb5 {[%emt 0:00:30]} 45. cxb5 {[%emt 0:00:08]} Re2 {[%emt 0:00:33]} 46. Rd2 {[%emt 0:00:27]} Re1 {[%emt 0:00:07]} 47. Kb3 {[%emt 0:06:35]} Rb1+ {[%emt 0:00:22]} 48. Kxa3 {[%emt 0:00:07]} Rxb5 {[%emt 0:00:06]} 49. Ka4 {[%emt 0:00:07]} Rb1 {[%emt 0:01:24]} 50. Ka5 {[%emt 0:00:59]} Kf6 {[%emt 0:00:21]} 51. a4 {[%emt 0:00:06]} h4 {[%emt 0:02:07]} 52. f3 {[%emt 0:01:56]} h3 {[%emt 0:03:05]} 53. gxh3 {[%emt 0:00:29]} Rf1 {[%emt 0:00:12]} 54. Kb6 {[%emt 0:07:43]} Rxf3 55. Ra2 Rxh3 {[%emt 0:00:58]} 56. a5 {[%emt 0:00:35]} Kf5 {[%emt 0:06:20]} 57. a6 {[%emt 0:00:14]} g4 {[%emt 0:02:48]} 58. a7 {[%emt 0:04:18]} Rh8 {[%emt 0:00:05]} 59. Kc5 {[%emt 0:01:14]} g3 {[%emt 0:03:41]} 60. hxg3 {[%emt 0:01:58]} fxg3 {[%emt 0:00:05]} 61. a8=Q {[%emt 0:00:15]} Rxa8 {[%emt 0:00:05]} 62. Rxa8 {[%emt 0:00:06]} Ke4 {[%emt 0:00:07]} 63. Ra2 {[%emt 0:00:54]} Kf3 {[%emt 0:00:16]} 64. Kd4 {[%emt 0:00:45]} g2 {[%emt 0:00:08]} 65. Ra1 {[%emt 0:00:27]} Kf2 {[%emt 0:00:11]} 66. Ra2+ {[%emt 0:00:04]} Kf3 {[%emt 0:00:16]} 67. Ra3+ {[%emt 0:00:39]} Kf2 {[%emt 0:00:19]} 68. Ra2+ {[%emt 0:00:14]} Kf3 {[%emt 0:00:09]} 69. Rxg2 {[%emt 0:00:02]} Kxg2 {[%emt 0:00:07]} 70. Kd5 1/2-1/2